El gerente de sueños: la mejor forma de motivar e involucrar a los empleados (Registro nro. 2240)

Detalles MARC
000 -Cabecera
Campo de control de longitud fija 00879aam a2200325 4500
005 - Fecha y hora de la última transacción
Campo de control 20250826161550.0
008 - Elementos de longitud fija--Información general
Campo de control de longitud fija 150525b2008 xxu||||| |||| 00| 0 spa d
020 ## - International Standard Book Number
Número Internacional Estándar del Libro (ISBN) 9788496627406
041 ## - Idioma
Código de idioma Español
082 ## - Clasificación Decimal Dewey
Número de clasificación 658.43 K29g
100 ## - Entrada principal--Autor personal
Nombre personal Kelly, Matthiew
9 (RLIN) 19240
245 ## - Título propiamente dicho
Título El gerente de sueños: la mejor forma de motivar e involucrar a los empleados
260 ## - Pie de imprenta
Lugar de publicación, distribución, etc. España
260 ## - Pie de imprenta
Nombre del editor, distribuidor, etc. Urano
260 ## - Pie de imprenta
Fecha de publicación, distribución, etc. 2008
300 ## - Descripción física
Extensión 186 páginas
490 ## - Serie
Título de la Serie Dirección y Administración de Empresas
650 ## - Materia general
Temática (materia general) GERENCIA INTERMEDIA
650 ## - Materia general
Temática (materia general) GERENTE
650 ## - Materia general
Temática (materia general) ADMINISTRACIÓN DE PERSONAL
650 ## - Materia general
Temática (materia general) EFECTIVIDAD ORGANIZACIONAL
650 ## - Materia general
Temática (materia general) MOTIVACIÓN DEL EMPLEO
650 ## - Materia general
Temática (materia general) DESESPERACIÓN
650 ## - Materia general
Temática (materia general) PROPUESTA
650 ## - Materia general
Temática (materia general) EXPANSIÓN
650 ## - Materia general
Temática (materia general) APLICACIONES
650 ## - Materia general
Temática (materia general) HERRAMIENTAS
650 ## - Materia general
Temática (materia general) LIDERAZGO
942 ## - Punto de acceso adicional KOHA
Tipo de ítem KOHA Libro
Fuente del sistema de clasificación o colocación Dewey Decimal Classification
Existencias
Signatura completa Código de barras Programa Académico Tipo de ítem
658.43 K29g 15220 Dirección y Administración de Empresas Libro